Statistics for 2018 NFL Draft First Round

Click here to take the quiz!

General Stats

  • This quiz has been taken 933 times
  • The average score is 22 of 32

Answer Stats

#PSchoolHintAnswer% Correct
1QBOklahomaCleveland BrownsBaker Mayfield
100%
2RBPenn StateNew York GiantsSaquon Barkley
99%
7QBWyomingBuffalo BillsJosh Allen
95%
10QBUCLAArizona CardinalsJosh Rosen
90%
32QBLouisvilleBaltimore RavensLamar Jackson
89%
5DEN.C. StateDenver BroncosBradley Chubb
87%
4CBOhio StateCleveland BrownsDenzel Ward
87%
6GNotre DameIndianapolis ColtsQuenton Nelson
87%
26WRAlabamaAtlanta FalconsCalvin Ridley
82%
8LBGeorgiaChicago BearsRoquan Smith
82%
17SFlorida StateLos Angeles ChargersDerwin James
79%
3QBUSCNew York JetsSam Darnold
79%
11SAlabamaMiami DolphinsMinkah Fitzpatrick
78%
24WRMarylandCarolina PanthersD.J. Moore
77%
18CBLouisvilleGreen Bay PackersJaire Alexander
77%
12DTWashingtonTampa Bay BuccaneersVita Vea
75%
31RBGeorgiaNew England PatriotsSony Michel
74%
19ILBBoise StateDallas CowboysLeighton Vander Esch
73%
27RBSan Diego StateSeattle SeahawksRashaad Penny
70%
28SVirginia TechPittsburgh SteelersTerrell Edmunds
68%
16ILBVirginia TechBuffalo BillsTremaine Edmunds
68%
25TESouth CarolinaBaltimore RavensHayden Hurst
63%
13DTAlabamaWashington RedskinsDa'Ron Payne
61%
20CArkansasDetroit LionsFrank Ragnow
60%
9OTNotre DameSan Francisco 49ersMike McGlinchey
55%
14DETexas-San AntonioNew Orleans SaintsMarcus Davenport
52%
15OTUCLAOakland RaidersKolton Miller
45%
23TGeorgiaNew England PatriotsIsaiah Wynn
44%
21COhio StateCincinatti BengalsBilly Price
39%
30CBCentral FloridaMinnesota VikingsMike Hughes
33%
22OLBAlabamaTennessee TitansRashaan Evans
33%
29DTFloridaJacksonville JaguarsTaven Bryan
30%

Score Distribution

Percentile by Number Answered

Percent of People with Each Score

Your Score History

You have not taken this quiz